LEADER 01456nam a2200313 a 4500 001 000000138924 003 CaOOAMICUS 005 20140623152841.0 008 140623s2007 it u000 u ita r 020 $a978-88-348-6703-7 040 $aPUL$bita 082 04$a341.76 100 1 $aZagato, Lauso.$0(OLS)http://pul/name/39019 245 13$aLa protezione dei beni culturali in caso di conflitto armato all'alba del secondo Protocollo 1999 /$cLauso Zagato. 260 $aTorino :$bG. Giappichelli,$cİ2007. 300 $aXII, 314 p. ;$c24 cm 490 1 $aStudi di diritto internazionale ;$v10 504 $aBibliografia: p. [277]-314. 650 4$aBeni culturali$xTutela.$0(OLS)http://pul/subject/20100 650 4$aBeni culturali$xTutela internazionale.$0(OLS)http://pul/subject/40611 830 0$aStudi di diritto internazionale (Giappichelli) ;$v10.$0(OLS)http://pul/title/146373 850 $aPUL 852 $aPUL$W1$xSL Diritto e Scienze Sociali 3$y79$m341. 76 ZAGLA 1$j160384$qDDC 21$B159824$CPULBib$Z2$F159824 $H124276 $82 941 1 $a9 996 $6020$a978-88-348-6703-7$9(OLS)http://pul/number/155591 996 $6082$a341.76$9(OLS)http://pul/classification/2683 996 $6245$aLa protezione dei beni culturali in caso di conflitto armato all'alba del secondo Protocollo 1999$9(OLS)http://pul/title/175887 996 $6260$aTorino :$bG. Giappichelli$9(OLS)http://pul/publisher/49130 LEADER 01438nam a2200325 u 4500 001 000000014755 003 CaOOAMICUS 005 20070226105812.0 008 941201s1980 it f u000 u ita u 035 $a10346800 040 $aPUL(R)$bita 041 1 $aita$alat 100 0 $aBenedictus Casinensis,$csanto,$dcirca 480-543.$0(OLS)http://pul/name/876 240 10$aRegula$9(Benedictus, s., abate di Montecassino, 480-543).$lItaliano e latino.$0(OLS)http://pul/title/21177 245 13$aLa regola /$cS. Benedetto ; testo, versione e commento a cura di Anselmo Lentini. 250 $a2. ed. 260 $aMontecassino :$b[s.n.],$c1980. 300 $axcv, 678 p., [4] c. di tav. :$bill. ;$c22 cm 500 $aComprende indici. 504 $aBibliografia: p. xci-xcv. 600 04$aBenedictus,$cs., abate di Montecassino,$d480-543.$0(OLS)http://pul/subject/4674 650 4$aMonachismo e ordini religiosi$xRegole.$0(OLS)http://pul/subject/5680 700 1 $aLentini, Anselmo,$cO.S.B.,$d1901-$0(OLS)http://pul/name/6919 850 $aPUL 852 $aPUL$W1$xSL Religione 1$y3$m42 G 50$j20681$nBK-PRI$b $qStampati$B20681$CPULBib$Z2$F20681 $H $81 900 $aBenedetto da Norcia,$cs., abate di Montecassino,$d480-543$9876 941 1 $a8 961 $aINV: 48035 996 $6245$aLa regola$9(OLS)http://pul/title/21178 996 $6260$aMontecassino :$b[s.n.]$9(OLS)http://pul/publisher/51453